| 000 | 00336nam a22001217a 4500 | ||
|---|---|---|---|
| 008 | 160426b xxu||||| |||| 00| 0 eng d | ||
| 020 | _a9780323045186 | ||
| 020 | _a0323045189 | ||
| 041 | _aeng | ||
| 080 | _a618.2 | ||
| 245 |
_aMosbys texbook for long term care nursing assistants; _cShelia A. Sorrentino; Bernie Gorek; |
||
| 942 |
_2udc _cBK |
||
| 999 |
_c1611 _d1611 |
||